[Event "FRA-ch U18"]
[Site "Gonfreville"]
[Date "2016.??.??"]
[Round "2"]
[White "Baudry, Emilien"]
[Black "Flick, Antoine"]
[Result "0-1"]
[WhiteElo "1914"]
[BlackElo "2230"]
[PlyCount "112"]
[EventDate "2016.04.22"]
[EventType "swiss"]
[EventRounds "9"]
[EventCountry "FRA"]
[SourceTitle "EXT 2019"]
[Source "ChessBase"]
[SourceDate "2018.10.10"]
[SourceVersion "1"]
[SourceVersionDate "2018.10.10"]
[SourceQuality "1"]

1. d4 Nf6 2. Nf3 g6 3. Nc3 d5 4. Bf4 Bg7 5. e3 0-0 6. Be2 c5 7. 0-0 Nc6 8. Ne5 Bf5 9. Na4 cxd4 10. exd4 Rc8 11. Nxc6 Rxc6 12. c3 Ne4 13. f3 Nd6 14. Nc5 b6 15. Nd3 Rc8 16. g4 Be6 17. Qe1 f6 18. Qg3 Nc4 19. Rae1 Bf7 20. Bd1 Qd7 21. Rf2 Rfe8 22. Rfe2 a6 23. h4 h6 24. g5 h5 25. Bc1 Nd6 26. Bc2 Nf5 27. Qf2 Kh7 28. Nf4 e5 29. Bxf5 Qxf5 30. gxf6 Bxf6 31. dxe5 Rxe5 32. Qxb6 Rxe2 33. Rxe2 d4 34. Qb7 Kg8 35. Rg2 Re8 36. Bd2 dxc3 37. bxc3 Bxh4 38. Qxa6 Kg7 39. Qa4 Re5 40. Nxg6 Bxg6 41. Qxh4 Qxf3 42. Qd4 Qe4 43. Qxe4 Rxe4 44. Kf2 Ra4 45. Ke3 Kf7 46. Bc1 Re4+ 47. Kf3 Rc4 48. Rf2 Rxc3+ 49. Kg2+ Ke7 50. Bg5+ Kd7 51. Rd2+ Ke6 52. Bd8 Be4+ 53. Kh2 Kf5 54. a4 Kg4 55. Kg1 Kg3 56. Rd1 Rc2 0-1

[Event "FRA-ch U12"]
[Site "Montlucon"]
[Date "2011.04.17"]
[Round "1"]
[White "Rey, Gaetan"]
[Black "Baudry, Emilien"]
[Result "1-0"]
[WhiteElo "1797"]
[BlackElo "1556"]
[PlyCount "43"]
[EventDate "2011.04.17"]
[EventType "swiss"]
[EventRounds "9"]
[EventCountry "FRA"]
[SourceTitle "CBM 142 Extra"]
[Source "ChessBase"]
[SourceDate "2011.06.27"]
[SourceVersion "1"]
[SourceVersionDate "2011.06.27"]
[SourceQuality "1"]

1. e4 c5 2. Nf3 e6 3. d4 cxd4 4. Nxd4 Nf6 5. Nc3 Bb4 6. e5 Ne4 7. Qg4 Nxc3 8. a3 Ba5 9. b4 Bc7 10. Qxg7 Bxe5 11. Qxe5 Rg8 12. Nf5 Nd5 13. Nd6+ Kf8 14. Bh6+ Ke7 15. Nf5+ Ke8 16. Ng7+ Ke7 17. c4 d6 18. Nf5+ Ke8 19. Nxd6+ Ke7 20. Nf5+ Ke8 21. cxd5 Nd7 22. Ng7+ 1-0

[Event "FRA-chTA U20 1011"]
[Site "France"]
[Date "2010.11.21"]
[Round "2.6"]
[White "Lavault, Jeremie"]
[Black "Baudry, Emilien"]
[Result "0-1"]
[WhiteElo "1460"]
[BlackElo "1559"]
[PlyCount "132"]
[EventDate "2010.11.21"]
[EventType "team-tourn"]
[EventRounds "7"]
[EventCountry "FRA"]
[SourceTitle "EXT 2012"]
[Source "ChessBase"]
[SourceDate "2011.11.24"]
[SourceVersion "1"]
[SourceVersionDate "2011.11.24"]
[SourceQuality "1"]
[WhiteTeam "Grenoble"]
[BlackTeam "Hyeres"]
[WhiteTeamCountry "FRA"]
[BlackTeamCountry "FRA"]

1. d4 Nf6 2. c4 c5 3. Nf3 e6 4. Bg5 cxd4 5. Nxd4 Qa5+ 6. Bd2 Qb6 7. Nb3 Ne4 8. e3 Nc6 9. Be2 Nc5 10. Nxc5 Bxc5 11. Bc3 0-0 12. 0-0 Ne7 13. Bf3 d6 14. a3 Qc7 15. b4 Bb6 16. Nd2 a6 17. Bd4 Nf5 18. Ne4 Bxd4 19. exd4 e5 20. dxe5 dxe5 21. Qc2 Nd4 22. Qd3 Rd8 23. Rac1 f5 24. Nc5 e4 25. Nxe4 fxe4 26. Qxe4 Rb8 27. Rfe1 Be6 28. Red1 Nxf3+ 29. Qxf3 Rxd1+ 30. Qxd1 Qf7 31. c5 Bd5 32. f3 Bc6 33. h3 Qd5 34. Qxd5+ Bxd5 35. Rd1 Bc6 36. Kf2 Re8 37. Rd6 Re7 38. g3 Kf7 39. f4 Re6 40. Rd4 Rf6 41. Rd8 Rf5 42. Ke3 g5 43. Rd4 gxf4+ 44. Rxf4 Rxf4 45. Kxf4 Kf6 46. g4 Kg6 47. Ke5 Kg5 48. Ke6 Bg2 49. Kf7 Bxh3 50. Kg7 h6 51. Kf7 Bxg4 52. Ke7 Bf3 53. Ke6 Kf4 54. a4 Bc6 55. b5 axb5 56. axb5 Bxb5 57. Kd6 Bc6 58. Kc7 h5 59. Kb6 h4 60. Kc7 h3 61. Kd6 h2 62. Kc7 h1Q 63. Kb8 Qd5 64. Ka8 Qxc5 65. Kb8 b5 66. Kc8 Qe7 0-1

[Event "FRA-ch U12"]
[Site "Troyes"]
[Date "2010.04.11"]
[Round "1"]
[White "Baudry, Emilien"]
[Black "Duval, Thomas"]
[Result "0-1"]
[WhiteElo "1550"]
[BlackElo "1810"]
[PlyCount "98"]
[EventDate "2010.04.11"]
[EventType "swiss"]
[EventRounds "9"]
[EventCountry "FRA"]
[SourceTitle "EXT 2012"]
[Source "ChessBase"]
[SourceDate "2011.11.24"]
[SourceVersion "1"]
[SourceVersionDate "2011.11.24"]
[SourceQuality "1"]

1. d4 d5 2. Nf3 Nf6 3. Bf4 e6 4. e3 Be7 5. Bd3 h6 6. 0-0 Bd6 7. Bxd6 Qxd6 8. Nbd2 Nbd7 9. Re1 Qb6 10. Rb1 c5 11. c3 0-0 12. e4 Ne8 13. e5 a6 14. Nh4 cxd4 15. cxd4 Qxd4 16. Ndf3 Qa7 17. Qd2 Nc5 18. Bc2 Nc7 19. Rbc1 b5 20. b4 Nd7 21. Qd3 f5 22. exf6 Nxf6 23. Ng6 Re8 24. Nfe5 Ne4 25. Qf3 Nf6 26. Nc6 Qb6 27. Nce7+ Kf7 28. Bb3 Rxe7 29. Nxe7 Kxe7 30. Qg3 Nce8 31. Qe5 Kf7 32. g4 Qxf2+ 33. Kxf2 Nxg4+ 34. Kg1 Nxe5 35. Rxe5 Kf6 36. Re2 Bd7 37. Rf1+ Ke7 38. Bxd5 Rc8 39. Bb7 Rc4 40. Rb1 Nd6 41. Bg2 Nf5 42. Bh3 Nd4 43. Rg2 g5 44. Rbb2 Bc6 45. Rgf2 Nf5 46. Kf1 Rc1+ 47. Ke2 Re1+ 48. Kd3 Be4+ 49. Kc3 Re3+ 0-1

[Event "FRA-ch U08"]
[Site "Le Grand Bornand"]
[Date "2007.04.??"]
[Round "6"]
[White "Baudry, Emilien"]
[Black "Charrier, Arthur"]
[Result "1-0"]
[WhiteElo "1425"]
[BlackElo "1009"]
[PlyCount "35"]
[EventDate "2007.04.07"]
[EventType "swiss"]
[EventRounds "9"]
[EventCountry "FRA"]
[SourceTitle "CBM 118 Extra"]
[Source "ChessBase"]
[SourceDate "2007.07.04"]
[SourceVersion "1"]
[SourceVersionDate "2007.07.04"]
[SourceQuality "1"]

1. d4 d5 2. Nf3 Nc6 3. e3 Bf5 4. c4 e6 5. Nbd2 Nf6 6. b3 Bb4 7. Be2 Ne4 8. 0-0 Bxd2 9. Nxd2 Qg5 10. Nf3 Qg6 11. Nh4 Qg5 12. Nxf5 Qxf5 13. cxd5 Nc3 14. Qd3 Nxe2+ 15. Qxe2 exd5 16. Bb2 Ne7 17. Qb5+ c6 18. Qxb7 1-0